[Event "Madrid-ch Previa A"]
[Site "Madrid"]
[Date "2023.02.07"]
[Round "2.33"]
[White "Moreno Gonzalez, Alvaro"]
[Black "Palacios Sanchez, Victor"]
[Result "0-1"]
[WhiteElo "1306"]
[BlackElo "1646"]
[PlyCount "56"]
[EventDate "2023.02.06"]
[EventType "swiss"]
[EventRounds "9"]
[EventCountry "ESP"]
[SourceTitle "EXT 2024"]
[Source "ChessBase"]
[SourceDate "2023.10.10"]
[SourceVersion "1"]
[SourceVersionDate "2023.10.10"]
[SourceQuality "1"]

1. d4 c5 2. e3 g6 3. c3 Bg7 4. Bd3 e6 5. Nf3 cxd4 6. exd4 Ne7 7. 0-0 0-0 8. Bf4 Nbc6 9. Nbd2 d5 10. b4 Nf5 11. Nb3 b6 12. Re1 Bb7 13. a4 a5 14. b5 Nb8 15. Rc1 Nd7 16. Qe2 Rc8 17. Bxf5 exf5 18. Qe7 Re8 19. Qxd8 Rcxd8 20. Ne5 Nxe5 21. Bxe5 Rc8 22. Kf1 Bxe5 23. dxe5 Rc4 24. Nd4 Bc8 25. Nc6 Bd7 26. Rcd1 Be6 27. Rb1 Rxa4 28. Rb3 d4 0-1